[Event "Rated Blitz tournament prQHv9iw"]
[Site "?"]
[Date "2021.06.10"]
[Round "?"]
[White "FedericoGonzalez"]
[Black "VVV-31"]
[Result "1-0"]
[WhiteElo "2413"]
[BlackElo "2309"]
[PlyCount "65"]
[EventDate "2021.??.??"]
[EventType "blitz"]

1. e4 e5 2. Nf3 d5 3. Nxe5 Bd6 4. d4 dxe4 5. Nc4 Nf6 6. Be2 O-O 7. Nc3 h6 8.
Be3 Bf5 9. h3 Nbd7 10. g4 Bg6 11. h4 Nb6 12. h5 Bh7 13. g5 Nfd5 14. Nxd5 Nxd5
15. gxh6 Nxe3 16. Nxe3 gxh6 17. Qd2 Kh8 18. O-O-O Bf4 19. Qc3 c6 20. d5+ f6 21.
dxc6 Qc7 22. Rd7 Qxc6 23. Qxc6 bxc6 24. Kb1 a5 25. Rhd1 a4 26. a3 Rab8 27. Nc4
Bg8 28. Ra7 Bxc4 29. Bxc4 Be5 30. Rdd7 Rxb2+ 31. Kc1 Bf4+ 32. Kxb2 Rb8+ 33. Ka2
{Normal} 1-0

[Event "Rated Blitz game"]
[Site "?"]
[Date "2021.06.10"]
[Round "?"]
[White "satlan"]
[Black "RMDomino"]
[Result "1-0"]
[WhiteElo "2618"]
[BlackElo "2354"]
[PlyCount "99"]
[EventDate "2021.??.??"]
[EventType "blitz"]

1. e4 e5 2. Nf3 d5 3. d4 dxe4 4. Nxe5 Bd6 5. Nc3 Bxe5 6. dxe5 Qxd1+ 7. Kxd1 Nc6
8. Nb5 Bg4+ 9. Ke1 O-O-O 10. Bf4 Nge7 11. h3 Be6 12. Be2 Ng6 13. Bg3 a6 14. Nc3
Ncxe5 15. Nxe4 Bf5 16. Nc3 Bxc2 17. Rc1 Nd3+ 18. Bxd3 Bxd3 19. Ne4 Rd7 20. Nc5
Re7+ 21. Kd2 Bf5 22. b4 Rd8+ 23. Kc3 b6 24. Nxa6 Kb7 25. Nxc7 Rxc7+ 26. Bxc7
Kxc7 27. Rhd1 Rxd1 28. Rxd1 Be6 29. a4 Nf4 30. g3 Nxh3 31. Rd2 Ng5 32. Re2 h5
33. a5 bxa5 34. bxa5 Kb7 35. Kb4 Nf3 36. Kc5 g5 37. Rb2+ Ka6 38. Kb4 h4 39.
gxh4 gxh4 40. Rc2 h3 41. Rc6+ Kb7 42. Rb6+ Ka7 43. Kb5 h2 44. Ra6+ Kb7 45. Rb6+
Kc7 46. Rc6+ Kd7 47. a6 h1=Q 48. a7 Qb1+ 49. Kc5 Qc1+ 50. Kb4 {Time forfeit}
1-0

[Event "Rated Blitz tournament FQEPltsf"]
[Site "?"]
[Date "2021.06.10"]
[Round "?"]
[White "Thoschi"]
[Black "lavilaine"]
[Result "0-1"]
[WhiteElo "2433"]
[BlackElo "2289"]
[PlyCount "58"]
[EventDate "2021.??.??"]
[EventType "blitz"]

1. e4 e5 2. Nf3 d5 3. exd5 e4 4. Qe2 f5 5. d3 Nf6 6. Nbd2 Bb4 7. c3 O-O 8. cxb4
exf3 9. Qxf3 Nxd5 10. a3 Nc6 11. Nb3 Re8+ 12. Kd1 f4 13. h3 Ne5 14. Qh5 g6 15.
Qe2 Nc4 16. Qc2 Ne5 17. Be2 Qh4 18. Rf1 Bf5 19. Bd2 Rad8 20. Nd4 f3 21. Nxf3
Nxf3 22. gxf3 Bxh3 23. Re1 Qxf2 24. Qc4 Be6 25. Qc5 Qh2 26. Kc2 Bf5 27. Bf1
Rxe1 28. Qc6 bxc6 29. Rxe1 Nf4 {Normal} 0-1

[Event "Rated Blitz game"]
[Site "?"]
[Date "2021.06.10"]
[Round "?"]
[White "templario77"]
[Black "KinzyabulatovRenat"]
[Result "1/2-1/2"]
[WhiteElo "2507"]
[BlackElo "2415"]
[PlyCount "95"]
[EventDate "2021.??.??"]
[EventType "blitz"]

1. e4 e5 2. Nf3 d5 3. d4 dxe4 4. Nxe5 Bd6 5. Nc4 Nf6 6. Nc3 O-O 7. Bg5 Be7 8.
Be2 Nc6 9. d5 Nxd5 10. Qxd5 Bxg5 11. Qxd8 Rxd8 12. Nxe4 Bh6 13. O-O Bf5 14. Nc5
Rab8 15. c3 b6 16. Na6 Rbc8 17. Rfd1 Rxd1+ 18. Rxd1 Kf8 19. Bf3 Nd8 20. Nxc7
Rxc7 21. Rxd8+ Ke7 22. Rd4 Rd7 23. Rxd7+ Kxd7 24. Bd5 f6 25. Ne3 Bb1 26. Kf1
Kd6 27. Bb3 b5 28. Ke2 g6 29. a3 Kc5 30. g3 Bg7 31. Bc2 Ba2 32. Bd3 a5 33. f4
f5 34. h3 b4 35. axb4+ axb4 36. Kd2 Be6 37. g4 fxg4 38. hxg4 h5 39. f5 gxf5 40.
Bxf5 Bf7 41. g5 h4 42. g6 Be8 43. Kd3 h3 44. Bxh3 Bxg6+ 45. Bf5 Bxf5+ 46. Nxf5
bxc3 47. bxc3 Bxc3 48. Kxc3 {Normal} 1/2-1/2

[Event "Rated Blitz tournament a4UlwUKs"]
[Site "?"]
[Date "2021.06.10"]
[Round "?"]
[White "ChessDonkey"]
[Black "DarthZannah"]
[Result "0-1"]
[WhiteElo "2391"]
[BlackElo "2546"]
[PlyCount "68"]
[EventDate "2021.??.??"]
[EventType "blitz"]

1. e4 e5 2. Nf3 d5 3. exd5 e4 4. Ne5 Qxd5 5. d4 exd3 6. Nxd3 Nf6 7. Nc3 Qf5 8.
Be2 Bd6 9. h3 Nc6 10. Be3 Be6 11. Qd2 O-O-O 12. O-O-O Qa5 13. Kb1 Ne5 14. Qc1
Nxd3 15. Bxd3 Bb4 16. a3 Bxc3 17. bxc3 Qxc3 18. Qb2 Nd5 19. Bxa7 Qa5 20. Bd4 f6
21. Rhe1 Bf7 22. Bf5+ Kb8 23. Be4 c5 24. Bxd5 Bxd5 25. Bc3 Qc7 26. f3 Rd6 27.
Ka1 Rhd8 28. Rd3 Bg8 29. Rxd6 Qxd6 30. Ba5 Qd1+ 31. Qb1 Qd4+ 32. c3 Qa4 33.
Bc7+ Kxc7 34. Re7+ Rd7 {Normal} 0-1

[Event "Rated Blitz game"]
[Site "?"]
[Date "2021.06.10"]
[Round "?"]
[White "CafeElviejoLasker"]
[Black "KinzyabulatovRenat"]
[Result "1-0"]
[WhiteElo "2503"]
[BlackElo "2390"]
[PlyCount "117"]
[EventDate "2021.??.??"]
[EventType "blitz"]

1. e4 e5 2. Nf3 d5 3. exd5 e4 4. Qe2 Nf6 5. Nc3 Be7 6. Nxe4 Nxd5 7. d3 O-O 8.
Qd1 Re8 9. Be2 c5 10. O-O Nc6 11. Re1 Bg4 12. h3 Bh5 13. Ng3 Bg6 14. c3 Qd7 15.
Bf1 Rad8 16. Bg5 Bxg5 17. Rxe8+ Rxe8 18. Nxg5 Nf4 19. N5e4 b6 20. Qa4 h6 21.
Rd1 h5 22. f3 h4 23. Ne2 Nd5 24. d4 Ne3 25. Rd2 Bxe4 26. fxe4 Rxe4 27. Qb5 Qf5
28. Nc1 cxd4 29. Qxf5 Nxf5 30. Bd3 Re1+ 31. Kf2 Rxc1 32. Bxf5 dxc3 33. bxc3
Rxc3 34. Rd6 g6 35. Be4 Ne5 36. Rd5 Rc5 37. Rd8+ Kg7 38. Bd5 b5 39. Ke3 a5 40.
Kd4 Rxd5+ 41. Kxd5 Nc4 42. Rb8 Ne3+ 43. Ke4 Nxg2 44. Rxb5 a4 45. Ra5 g5 46.
Rxa4 Nf4 47. Ra3 Kg6 48. Ra6+ f6 49. a4 Nxh3 50. a5 g4 51. Ra8 g3 52. Kf3 Ng5+
53. Kg2 f5 54. a6 f4 55. a7 h3+ 56. Kf1 g2+ 57. Kf2 Nf3 58. Rg8+ Kf5 59. a8=Q {
Time forfeit} 1-0

[Event "Rated Blitz game"]
[Site "?"]
[Date "2021.06.10"]
[Round "?"]
[White "capatilla"]
[Black "ahoramahora"]
[Result "1-0"]
[WhiteElo "2473"]
[BlackElo "2404"]
[PlyCount "73"]
[EventDate "2021.??.??"]
[EventType "blitz"]

1. e4 e5 2. Nf3 d5 3. exd5 e4 4. Qe2 Nf6 5. d3 Qxd5 6. dxe4 Qxe4 7. Qxe4+ Nxe4
8. Bd3 Nc5 9. Bb5+ Bd7 10. Bxd7+ Nbxd7 11. O-O O-O-O 12. Nc3 f6 13. Be3 Bd6 14.
Rad1 a6 15. Rfe1 Rhe8 16. a3 Re7 17. Nd5 Ree8 18. c4 Ne4 19. b4 Ne5 20. Nxe5
Bxe5 21. Bd4 Bxd4 22. Rxd4 Nd6 23. Rxe8 Rxe8 24. Kf1 Re4 25. Rxe4 Nxe4 26. Ke2
Kd7 27. Ke3 Nd6 28. Kd3 c6 29. Nf4 Nf5 30. g4 Nh4 31. Nh5 f5 32. g5 Nf3 33.
Nxg7 Nxg5 34. Nxf5 Ke6 35. Nd4+ Ke5 36. Ke3 h5 37. f4+ {Normal} 1-0

[Event "Rated Rapid game"]
[Site "?"]
[Date "2021.06.10"]
[Round "?"]
[White "EnesYusufKamis34"]
[Black "Baris_AE"]
[Result "1-0"]
[WhiteElo "2495"]
[BlackElo "2390"]
[PlyCount "79"]
[EventDate "2021.??.??"]
[EventType "rapid"]

1. e4 e5 2. Nf3 d5 3. exd5 e4 4. Qe2 Nf6 5. d3 Qxd5 6. Nbd2 Be7 7. Nxe4 O-O 8.
Nc3 Bb4 9. Qd2 Bxc3 10. bxc3 Bg4 11. Be2 Bxf3 12. Bxf3 Re8+ 13. Kf1 Qb5 14. g3
Nc6 15. c4 Qe5 16. Rb1 Nd4 17. Bd1 b5 18. c3 Nf5 19. Rxb5 c5 20. Kg2 Rad8 21.
d4 Qe6 22. Rxc5 Ne4 23. Qf4 Nxc5 24. dxc5 h6 25. Bg4 Qc6+ 26. Bf3 Qxc5 27. h4
Qe5 28. Bd5 Qxf4 29. Bxf4 Ne7 30. Be4 f5 31. Bc2 Kf7 32. c5 Nc6 33. Rb1 Re7 34.
Bxf5 Rd5 35. Bh3 Re2 36. Bg4 Rxa2 37. Rb7+ Kg6 38. Be6 Rxc5 39. Bxa2 Rxc3 40.
Rc7 {Normal} 1-0

[Event "Rated Blitz game"]
[Site "?"]
[Date "2021.06.10"]
[Round "?"]
[White "RobPeresian"]
[Black "blastol"]
[Result "1-0"]
[WhiteElo "2343"]
[BlackElo "2404"]
[PlyCount "103"]
[EventDate "2021.??.??"]
[EventType "blitz"]

1. e4 e5 2. Nf3 d5 3. Nxe5 Bd6 4. d4 dxe4 5. Nc4 Nf6 6. Be2 h6 7. O-O O-O 8.
Nc3 Nc6 9. Be3 Bd7 10. Nxd6 cxd6 11. d5 Ne5 12. b3 Rc8 13. Qd2 Nfg4 14. Bd4 Qh4
15. h3 Nf6 16. Qe3 Rfe8 17. a4 Ng6 18. Bb5 Rxc3 19. Qxc3 Bxb5 20. Bxf6 gxf6 21.
axb5 Nf4 22. Rfe1 Nxd5 23. Qg3+ Qxg3 24. fxg3 Nb4 25. Re2 a6 26. Ra4 a5 27.
Rxa5 d5 28. b6 d4 29. Ra4 Nxc2 30. Rxc2 d3 31. Rxe4 Rxe4 32. Rc8+ Kg7 33. Rd8
Rb4 34. Rxd3 Rxb6 35. g4 Kg6 36. Kf2 f5 37. gxf5+ Kxf5 38. Kf3 Kg6 39. g4 Rb4
40. h4 f5 41. Rd6+ Kf7 42. gxf5 Rxb3+ 43. Kg4 Kg7 44. Kh5 Rb4 45. Rd7+ Kf6 46.
Rd5 b5 47. Rc5 Rb1 48. Rc6+ Kxf5 49. Rxh6 b4 50. Rb6 b3 51. Kh6 Rh1 52. h5 {
Time forfeit} 1-0

[Event "Rated Blitz game"]
[Site "?"]
[Date "2021.06.10"]
[Round "?"]
[White "nimamideje"]
[Black "Polyclinical"]
[Result "0-1"]
[WhiteElo "2644"]
[BlackElo "2795"]
[PlyCount "84"]
[EventDate "2021.??.??"]
[EventType "blitz"]

1. e4 e5 2. Nf3 d5 3. d3 dxe4 4. dxe4 Qxd1+ 5. Kxd1 Nd7 6. c3 Ngf6 7. Nfd2 Bc5
8. f3 a5 9. a4 Nb6 10. Nc4 Be6 11. Nbd2 Nfd7 12. Kc2 Ke7 13. h4 Rhd8 14. h5 f6
15. Be2 Bf7 16. b3 h6 17. Nxb6 Nxb6 18. Nf1 Rd7 19. Ne3 Rad8 20. Nf5+ Kf8 21.
g4 Be6 22. Rd1 Rxd1 23. Bxd1 Bxb3+ 24. Kxb3 Rxd1 25. Bb2 Rd3 26. Kc2 Rxf3 27.
Rd1 Be7 28. Kb3 Rf4 29. Ba3 Bxa3 30. Kxa3 Rxe4 31. Rd8+ Kf7 32. Rb8 Rxa4+ 33.
Kb3 Rxg4 34. Rxb7 a4+ 35. Ka2 Nd5 36. c4 Ke6 37. cxd5+ Kxf5 38. Rxc7 g6 39.
hxg6 Kxg6 40. d6 Rd4 41. d7 h5 42. Kb2 h4 {Normal} 0-1

[Event "Rated Blitz tournament TxfQ1kgT"]
[Site "?"]
[Date "2021.06.10"]
[Round "?"]
[White "greennight"]
[Black "dr_xStranger"]
[Result "1/2-1/2"]
[WhiteElo "2618"]
[BlackElo "2484"]
[PlyCount "65"]
[EventDate "2021.??.??"]
[EventType "blitz"]

1. e4 e5 2. Nf3 d5 3. exd5 e4 4. Qe2 Nf6 5. d3 Bb4+ 6. c3 O-O 7. dxe4 Bc5 8.
Nbd2 Re8 9. Qc4 Qxd5 10. Qxd5 Nxd5 11. g3 Nc6 12. Bg2 Nf6 13. O-O Nxe4 14. Nxe4
Rxe4 15. Nd4 Re7 16. Nxc6 bxc6 17. Bxc6 Rb8 18. Bf4 Rxb2 19. Rad1 g5 20. Rd8+
Kg7 21. Bxg5 f6 22. Be3 Bxe3 23. fxe3 Bh3 24. Re1 Rxa2 25. Rd4 Rc2 26. c4 Be6
27. Re4 Rxc4 28. Rxe6 Rxe6 29. Bd5 Rce4 30. Bxe6 Rxe6 31. Rc1 Rxe3 32. Rxc7+
Kg6 33. Rxa7 {Normal} 1/2-1/2

[Event "Rated Blitz game"]
[Site "?"]
[Date "2021.06.10"]
[Round "?"]
[White "wader51"]
[Black "Millworm"]
[Result "1-0"]
[WhiteElo "2447"]
[BlackElo "2397"]
[PlyCount "93"]
[EventDate "2021.??.??"]
[EventType "blitz"]

1. e4 e5 2. Nf3 d5 3. Nxe5 dxe4 4. d4 exd3 5. Bxd3 Bd6 6. Nc4 Be7 7. O-O Nf6 8.
Bf4 c6 9. Nc3 O-O 10. Re1 Be6 11. Qe2 Nbd7 12. Rad1 Nd5 13. Nxd5 cxd5 14. Nd6
Nc5 15. Nf5 Bf6 16. Qg4 Kh8 17. Qf3 Bxb2 18. Bd6 Nxd3 19. cxd3 Rg8 20. Be5 Bxe5
21. Rxe5 Qf6 22. d4 g6 23. Ne3 Qxf3 24. gxf3 Rgd8 25. Rc1 Rd7 26. f4 Kg7 27. f5
gxf5 28. Nxf5+ Kf6 29. Ne3 Rd6 30. Rc7 Rg8+ 31. Kf1 Rb6 32. Ke2 Rb2+ 33. Kf3
Rxa2 34. Rxb7 Ra3 35. Kf4 Ra2 36. f3 Ra5 37. h4 h5 38. Rxh5 Rg6 39. Rh7 Rg1 40.
Ng4+ Kg6 41. Rh6+ Kg7 42. Rxe6 Ra4 43. Ree7 Rxd4+ 44. Ke3 Re1+ 45. Kxd4 Rxe7
46. Rxe7 Kf8 47. Rxa7 {Normal} 1-0

[Event "Rated Blitz game"]
[Site "?"]
[Date "2021.06.10"]
[Round "?"]
[White "hmnotanatix"]
[Black "ahoramahora"]
[Result "1/2-1/2"]
[WhiteElo "2420"]
[BlackElo "2411"]
[PlyCount "170"]
[EventDate "2021.??.??"]
[EventType "blitz"]

1. e4 e5 2. Nf3 d5 3. exd5 e4 4. c4 exf3 5. Qxf3 Nf6 6. d4 Bb4+ 7. Bd2 Qe7+ 8.
Be2 Bxd2+ 9. Nxd2 Bg4 10. Qe3 Qxe3 11. fxe3 O-O 12. e4 Bxe2 13. Kxe2 c6 14. e5
Nfd7 15. Kd3 cxd5 16. cxd5 Na6 17. a3 Nc7 18. d6 Nd5 19. Ke4 N5b6 20. Rac1 Rac8
21. Rc7 Rxc7 22. dxc7 Rc8 23. Rc1 Na8 24. d5 Rxc7 25. Rxc7 Nxc7 26. d6 Ne6 27.
b4 Nb6 28. g4 g6 29. h4 Kf8 30. g5 Ke8 31. Nf1 Nc4 32. a4 Kd7 33. Kd5 Nb6+ 34.
Ke4 Nxa4 35. Ne3 Nb6 36. Ng4 Nc4 37. Nf6+ Kc6 38. Nxh7 b6 39. Nf6 a5 40. bxa5
bxa5 41. Ng8 a4 42. Ne7+ Kd7 43. Nd5 a3 44. Nb4 Nd2+ 45. Kd5 Nf3 46. Kc4 Nxe5+
47. Kb3 Kxd6 48. Kxa3 Nf3 49. Nd3 Nxh4 50. Kb2 Nxg5 51. Kc3 Nf5 52. Kd2 Ne4+
53. Ke2 Kd5 54. Kf3 Nd4+ 55. Kg4 f5+ 56. Kf4 g5+ 57. Ke3 f4+ 58. Nxf4+ Ke5 59.
Ng6+ Kf5 60. Ne7+ Ke5 61. Ng6+ Kd5 62. Ne7+ Ke6 63. Kxe4 Kxe7 64. Kxd4 Kf7 65.
Ke3 Kg6 66. Kf2 Kf5 67. Kf3 g4+ 68. Kg3 Kg5 69. Kg2 Kh4 70. Kh2 g3+ 71. Kg2 Kg4
72. Kg1 Kh3 73. Kh1 Kh4 74. Kg2 Kg4 75. Kg1 Kg5 76. Kg2 Kh4 77. Kg1 Kh3 78. Kh1
Kg4 79. Kg2 Kf4 80. Kg1 Kf3 81. Kf1 Ke3 82. Kg2 Kf4 83. Kg1 Kg4 84. Kg2 Kh4 85.
Kg1 Kh3 {Normal} 1/2-1/2

[Event "Rated Blitz game"]
[Site "?"]
[Date "2021.06.10"]
[Round "?"]
[White "Slupsik"]
[Black "annaly1979"]
[Result "1-0"]
[WhiteElo "2511"]
[BlackElo "2490"]
[PlyCount "123"]
[EventDate "2021.??.??"]
[EventType "blitz"]

1. e4 e5 2. Nf3 d5 3. Nc3 dxe4 4. Nxe4 f5 5. Ng3 e4 6. Ng1 Bc5 7. d4 Bxd4 8.
Bc4 Nf6 9. Nh3 Nc6 10. c3 Be5 11. Qb3 Qe7 12. O-O h6 13. Nf4 Bxf4 14. Bxf4 g5
15. Bc1 Ne5 16. f4 Nxc4 17. Qxc4 g4 18. Be3 Be6 19. Qa4+ Qd7 20. Qb4 b6 21.
Rad1 Qe7 22. Qa4+ Kf7 23. Bd4 c5 24. Be5 Rhd8 25. h3 gxh3 26. gxh3 Rg8 27. Kh2
Nd5 28. Rxd5 Rxg3 29. Kxg3 Bxd5 30. c4 Rg8+ 31. Kh2 Ba8 32. Rg1 Rxg1 33. Kxg1
Kg6 34. Kh2 e3 35. Qd1 Qh4 36. Qg1+ Kh5 37. Qxe3 Be4 38. Bc3 Qd8 39. Qe2+ Kg6
40. Qf2 Kh7 41. Qg3 Qc7 42. h4 Qf7 43. Kh3 Bb1 44. a3 Ba2 45. Qe3 Bxc4 46. Qe5
Bf1+ 47. Kh2 Bc4 48. Qh8+ Kg6 49. Be5 Kh5 50. Qc8 Qg6 51. Qd8 Bd5 52. Qxd5 Qg4
53. Qg2 Qxh4+ 54. Kg1 Qg4 55. Qxg4+ Kxg4 56. Kf2 h5 57. Ke3 h4 58. Kf2 h3 59.
Kg1 b5 60. Kh2 a5 61. Bf6 b4 62. a4 {Time forfeit} 1-0

[Event "Rated Blitz game"]
[Site "?"]
[Date "2021.06.10"]
[Round "?"]
[White "Lightlike"]
[Black "KamranShirazi"]
[Result "1/2-1/2"]
[WhiteElo "2549"]
[BlackElo "2508"]
[PlyCount "159"]
[EventDate "2021.??.??"]
[EventType "blitz"]

1. e4 e5 2. Nf3 d5 3. Nxe5 Bd6 4. d4 dxe4 5. Nc4 Be7 6. Nc3 Nf6 7. f3 exf3 8.
Qxf3 Qxd4 9. Be3 Qg4 10. Qf2 O-O 11. Be2 Qe6 12. O-O Ng4 13. Bxg4 Qxg4 14. Ne5
Qe6 15. Nf3 Nc6 16. Rae1 Qg6 17. Nd5 Bd6 18. c4 Be6 19. Rd1 Rae8 20. Bxa7 Bxd5
21. cxd5 Nb4 22. a3 Nd3 23. Qd2 Nf4 24. Nh4 Qg4 25. g3 Re2 26. Rxf4 Rxd2 27.
Rxg4 Rxd1+ 28. Kg2 b6 29. Nf5 Be5 30. d6 g6 31. dxc7 Bxc7 32. Ne7+ Kg7 33. Rb4
Rd2+ 34. Kh3 Bd6 35. Re4 Rxb2 36. Nd5 Ra8 37. Bxb6 Rb5 38. Bd4+ Kf8 39. Nf6 Bc5
40. Bxc5+ Rxc5 41. Nd7+ Kg7 42. Nxc5 Rxa3 43. Rf4 Ra2 44. Ne4 f5 45. Nd6 Kf6
46. Ne4+ Ke5 47. Ng5 Ra7 48. Nf3+ Kf6 49. g4 Ra3 50. gxf5 g5 51. Kg3 gxf4+ 52.
Kxf4 Ra4+ 53. Kg3 Kxf5 54. h3 Kg6 55. Nh4+ Kg5 56. Ng2 Kh5 57. Kh2 Ra2 58. Kg1
Rxg2+ 59. Kxg2 Kh4 60. Kh2 Kg5 61. Kh1 Kh5 62. Kg1 Kh4 63. Kh1 Kxh3 64. Kg1 Kg3
65. Kh1 Kg4 66. Kg1 Kf3 67. Kh1 Ke4 68. Kh2 Kf5 69. Kh1 Kg5 70. Kg1 Kh4 71. Kh1
Kg4 72. Kg1 h6 73. Kh1 Kf3 74. Kg1 Kg3 75. Kh1 Kf2 76. Kh2 Kf3 77. Kh3 Kf4 78.
Kh4 Kf5 79. Kh5 Kf4 80. Kxh6 {Normal} 1/2-1/2

[Event "Rated Blitz game"]
[Site "?"]
[Date "2021.06.10"]
[Round "?"]
[White "FastBananna"]
[Black "KinzyabulatovRenat"]
[Result "1-0"]
[WhiteElo "2483"]
[BlackElo "2377"]
[PlyCount "95"]
[EventDate "2021.??.??"]
[EventType "blitz"]

1. e4 e5 2. Nf3 d5 3. exd5 e4 4. Nd4 Qxd5 5. Nb3 Nf6 6. Nc3 Qe5 7. Be2 Bd6 8.
g3 Bh3 9. d4 exd3 10. Qxd3 Qe7 11. Nb5 O-O 12. Nxd6 cxd6 13. Bf4 d5 14. O-O-O
h6 15. Bf3 Nc6 16. Rhe1 Be6 17. Kb1 Rfd8 18. h4 Qb4 19. Bd2 Qa4 20. Nc5 Qc4 21.
Qxc4 dxc4 22. Nxe6 fxe6 23. Rxe6 Nd4 24. Re3 Nxf3 25. Rxf3 Rd5 26. Re3 Rad8 27.
Kc1 h5 28. Ree1 Ng4 29. Be3 Nxe3 30. fxe3 Kf7 31. Rxd5 Rxd5 32. Rd1 Re5 33. Kd2
Ke6 34. Ke2 b5 35. Rd8 Ke7 36. Ra8 Kf6 37. Rxa7 g5 38. Ra6+ Kf5 39. hxg5 Kxg5
40. Ra8 Kg4 41. Rg8+ Kh3 42. Kf3 Rf5+ 43. Ke2 Re5 44. b3 c3 45. Kd3 b4 46. e4
Ra5 47. Rg7 Rxa2 48. Rg5 {Time forfeit} 1-0

[Event "Rated Blitz game"]
[Site "?"]
[Date "2021.06.10"]
[Round "?"]
[White "sabke"]
[Black "annaly1979"]
[Result "1-0"]
[WhiteElo "2574"]
[BlackElo "2493"]
[PlyCount "113"]
[EventDate "2021.??.??"]
[EventType "blitz"]

1. e4 e5 2. Nf3 d5 3. Nxe5 Qe7 4. d4 f6 5. Ng4 Nc6 6. c3 f5 7. Ne3 dxe4 8. Bb5
Nf6 9. d5 a6 10. Bxc6+ bxc6 11. dxc6 Be6 12. O-O Qd6 13. Qa4 Be7 14. b3 O-O 15.
Ba3 Qd8 16. Bxe7 Qxe7 17. c4 Rfd8 18. Nc3 f4 19. Ned5 Bxd5 20. cxd5 Qe5 21.
Rac1 f3 22. Qc4 Qg5 23. g3 Qg4 24. Rfe1 Kh8 25. Nxe4 Nxd5 26. Nc5 Qh3 27. Qf1
Qh5 28. Nd7 Re8 29. Rc5 Rxe1 30. Qxe1 Qh3 31. Qf1 Qe6 32. Qd1 Qh3 33. Qxf3 Re8
34. Rc1 Nb4 35. Ne5 Qe6 36. Nf7+ Kg8 37. Ng5 Qg6 38. Nh3 Nd3 39. Rf1 Ne5 40.
Qd5+ Kh8 41. Nf4 Qf5 42. Kg2 h5 43. h4 Rf8 44. Re1 Ng4 45. Qxf5 Rxf5 46. Re8+
Kh7 47. f3 Nf6 48. Re7 Rc5 49. Rxc7 Rc2+ 50. Kf1 Rxa2 51. Ne6 Nd5 52. Rxg7+ Kh8
53. Rd7 Ne3+ 54. Ke1 Nf5 55. g4 Ng3 56. Kd1 Re2 57. Ng5 {Time forfeit} 1-0

[Event "Rated Blitz game"]
[Site "?"]
[Date "2021.06.10"]
[Round "?"]
[White "FdoVzla1986"]
[Black "KinzyabulatovRenat"]
[Result "1-0"]
[WhiteElo "2484"]
[BlackElo "2376"]
[PlyCount "95"]
[EventDate "2021.??.??"]
[EventType "blitz"]

1. e4 e5 2. Nf3 d5 3. d4 dxe4 4. Nxe5 Bd6 5. Bc4 Bxe5 6. dxe5 Qxd1+ 7. Kxd1 Nc6
8. Bb5 Nge7 9. b3 Bg4+ 10. Ke1 O-O-O 11. Nd2 Nxe5 12. Bb2 N7c6 13. h3 Bh5 14.
g4 Bg6 15. Nf1 Nd4 16. Bxd4 Rxd4 17. Ne3 Rhd8 18. Be2 Nf3+ 19. Kf1 Rd2 20. Rc1
Nd4 21. Bc4 b5 22. c3 bxc4 23. cxd4 cxb3 24. axb3 R8xd4 25. Kg2 Rb2 26. Rc5
Rxb3 27. Rhc1 Rb7 28. Nd5 e3 29. Nxe3 Be4+ 30. Kg3 Kb8 31. Re5 a6 32. Ra1 Ka7
33. Rc5 c6 34. Nc4 Rb5 35. Rxb5 cxb5 36. Ne5 Kb6 37. Nxf7 a5 38. Ng5 a4 39. f4
Rd3+ 40. Kh2 Bd5 41. f5 h6 42. Nh7 a3 43. f6 g5 44. Nf8 a2 45. Nd7+ Ka5 46. Ne5
Rd2+ 47. Kg3 Re2 48. Nf3 {Time forfeit} 1-0

[Event "Rated Blitz game"]
[Site "?"]
[Date "2021.06.10"]
[Round "?"]
[White "Petukhov_Dmitry"]
[Black "annaly1979"]
[Result "1-0"]
[WhiteElo "2600"]
[BlackElo "2470"]
[PlyCount "171"]
[EventDate "2021.??.??"]
[EventType "blitz"]

1. e4 e5 2. Nf3 d5 3. Nxe5 Qe7 4. d4 f6 5. Nd3 Nc6 6. Be3 dxe4 7. Nf4 f5 8.
Qh5+ Qf7 9. Qxf7+ Kxf7 10. Bc4+ Ke8 11. Nc3 a6 12. Ncd5 Bd6 13. Bb3 Nge7 14. c4
Nxd5 15. Nxd5 Bb4+ 16. Nxb4 Nxb4 17. O-O-O Bd7 18. a3 Nc6 19. Bf4 Rc8 20. d5
Na5 21. Ba2 b5 22. c5 c6 23. b4 Nc4 24. Bxc4 bxc4 25. dxc6 Bxc6 26. Rd6 h6 27.
h4 Ke7 28. Rhd1 Rhg8 29. Kb2 a5 30. Kc3 axb4+ 31. axb4 g5 32. hxg5 hxg5 33. Be5
e3 34. fxe3 Bxg2 35. Kxc4 Bf3 36. R1d2 Rge8 37. Bf6+ Kf7 38. Bxg5 Re4+ 39. R2d4
Rxd4+ 40. exd4 Be2+ 41. Kc3 Ra8 42. Rf6+ Kg7 43. Rxf5 Kg6 44. Re5 Bb5 45. d5
Ra3+ 46. Kb2 Rd3 47. c6 Rd4 48. Be7 Rc4 49. Bc5 Kf6 50. Re6+ Kf5 51. Re3 Rh4
52. c7 Bd7 53. Re7 Rh2+ 54. Kc3 Rh3+ 55. Kd2 Rh2+ 56. Ke1 Rh1+ 57. Kf2 Bc8 58.
d6 Rd1 59. Re8 Bd7 60. c8=Q Bxc8 61. Rxc8 Ke6 62. Rc7 Rb1 63. Re7+ Kf6 64. d7
Rd1 65. Rh7 Rd5 66. Ke3 Ke6 67. Ke4 Rxd7 68. Rxd7 Kxd7 69. Kd5 Kc7 70. b5 Kb7
71. b6 Kb8 72. Kc4 Kb7 73. Kb5 Kb8 74. Kc6 Kc8 75. b7+ Kd8 76. Bd6 Ke8 77.
b8=Q+ Kf7 78. Qf8+ Ke6 79. Qe8+ Kf5 80. Qe5+ Kg4 81. Qf4+ Kh5 82. Qg3 Kh6 83.
Kd5 Kh5 84. Ke6 Kh6 85. Kf6 Kh7 86. Qg7# {Normal} 1-0

[Event "Rated Blitz game"]
[Site "?"]
[Date "2021.06.10"]
[Round "?"]
[White "lareinedesneiges"]
[Black "Polyclinical"]
[Result "1-0"]
[WhiteElo "2678"]
[BlackElo "2797"]
[PlyCount "79"]
[EventDate "2021.??.??"]
[EventType "blitz"]

1. e4 e5 2. Nf3 d5 3. exd5 e4 4. Qe2 Qe7 5. Nd4 Nf6 6. Nc3 Qe5 7. Nf3 Qe7 8.
Nd4 Qe5 9. Qc4 Bd6 10. Ndb5 O-O 11. Nxd6 cxd6 12. Be2 Nbd7 13. d4 Qf5 14. O-O
Nb6 15. Qb3 Qg6 16. Re1 Bh3 17. Bf1 Rfe8 18. Bf4 Nh5 19. Bg3 Nxg3 20. hxg3 Bf5
21. Nb5 e3 22. Rxe3 Bxc2 23. Rxe8+ Rxe8 24. Qa3 Nxd5 25. Qxa7 h5 26. Qxb7 Be4
27. Re1 h4 28. gxh4 Re6 29. Nc7 Nf4 30. Qc8+ Kh7 31. Nxe6 fxe6 32. g3 Bd5 33.
a4 Qf5 34. Kh2 Nh3 35. Bd3 Qxd3 36. Kxh3 Qf5+ 37. Kh2 Qxf2+ 38. Kh3 Bg2+ 39.
Kh2 Qf3 40. Qc2+ {Time forfeit} 1-0

[Event "Rated Blitz game"]
[Site "?"]
[Date "2021.06.10"]
[Round "?"]
[White "IlkinRahimli"]
[Black "annaly1979"]
[Result "0-1"]
[WhiteElo "2499"]
[BlackElo "2489"]
[PlyCount "60"]
[EventDate "2021.??.??"]
[EventType "blitz"]

1. e4 e5 2. Nf3 d5 3. Nxe5 Qe7 4. d4 f6 5. Nd3 Nc6 6. Be3 dxe4 7. Nc5 f5 8. Nc3
Nf6 9. d5 Ne5 10. Bb5+ Ned7 11. O-O a6 12. Bxd7+ Nxd7 13. Nxd7 Bxd7 14. Qd4 Qd6
15. f3 exf3 16. Rxf3 Be7 17. Bf4 Qc5 18. Be5 Bd6 19. Bxg7 Rg8 20. Re1+ Kf7 21.
Ne4 Qxd4+ 22. Bxd4 Rae8 23. Nxd6+ cxd6 24. Rxe8 Rxe8 25. Rb3 b5 26. Re3 Rg8 27.
Kf2 Rg4 28. Bb6 Rf4+ 29. Kg3 Rc4 30. c3 f4+ {Normal} 0-1

[Event "Rated Blitz tournament eLTGq6dD"]
[Site "?"]
[Date "2021.06.10"]
[Round "?"]
[White "SchachTalent2"]
[Black "Lur15"]
[Result "0-1"]
[WhiteElo "2409"]
[BlackElo "2360"]
[PlyCount "84"]
[EventDate "2021.??.??"]
[EventType "blitz"]

1. e4 e5 2. Nf3 d5 3. exd5 e4 4. Qe2 Nf6 5. Nc3 Be7 6. Nxe4 O-O 7. d3 Nxd5 8.
Bd2 Re8 9. O-O-O f5 10. Nc3 Nxc3 11. Bxc3 Bg5+ 12. Nxg5 Rxe2 13. Bxe2 Qxg5+ 14.
Bd2 Qd8 15. Kb1 Nc6 16. h3 Nd4 17. Bf1 Be6 18. c3 Nc6 19. d4 a5 20. Bf4 Bd5 21.
f3 a4 22. c4 Bf7 23. d5 Ne7 24. Bd3 b5 25. g4 a3 26. b3 bxc4 27. Bxc4 Ng6 28.
Be3 Ne5 29. Be2 fxg4 30. hxg4 Bg6+ 31. Ka1 Qf6 32. Bd4 Qf4 33. Rhe1 Rd8 34. Bb5
Nxf3 35. Rf1 Qxd4+ 36. Rxd4 Nxd4 37. Rc1 Nxb5 38. Rc5 Nd4 39. g5 Nc2+ 40. Kb1
Nb4+ 41. Ka1 Nxd5 42. Rxd5 Rxd5 {Normal} 0-1

[Event "Rated Blitz game"]
[Site "?"]
[Date "2021.06.10"]
[Round "?"]
[White "minecraft_storify"]
[Black "annaly1979"]
[Result "0-1"]
[WhiteElo "2504"]
[BlackElo "2480"]
[PlyCount "112"]
[EventDate "2021.??.??"]
[EventType "blitz"]

1. e4 e5 2. Nf3 d5 3. Nxe5 Qe7 4. d4 f6 5. Nf3 dxe4 6. Nfd2 f5 7. c4 Nf6 8. Nc3
Nc6 9. Nb3 Qf7 10. Bf4 Bd6 11. Qd2 a6 12. c5 Bxf4 13. Qxf4 Be6 14. d5 Nxd5 15.
Nxd5 Bxd5 16. Rd1 O-O-O 17. Be2 h6 18. O-O g5 19. Qc1 Kb8 20. Qc3 f4 21. Nd4 f3
22. Nxc6+ Bxc6 23. Bc4 Qf5 24. Rfe1 Qg4 25. g3 Bb5 26. Qf6 Rdf8 27. Qe6 Qxe6
28. Bxe6 Bd3 29. b4 h5 30. Bh3 Rd8 31. Bf1 Bc2 32. Rc1 Rd2 33. c6 bxc6 34. Bxa6
Rhd8 35. a3 Ka7 36. Bc4 Kb6 37. Bf7 h4 38. Bg6 R8d4 39. gxh4 gxh4 40. h3 e3 41.
Rxe3 Bxg6 42. Rxf3 Be4 43. Re3 Bd5 44. Ree1 R4d3 45. Kh2 Rxf2+ 46. Kg1 Rg2+ 47.
Kf1 Rf3+ 48. Kxg2 Rg3+ 49. Kf2 Rxh3 50. Re5 Rh2+ 51. Ke3 Rh3+ 52. Kd4 Rxa3 53.
Rxd5 cxd5 54. Rc5 c6 55. Rc1 h3 56. Rh1 Rb3 {Time forfeit} 0-1